| 000 | 00805nam a22001577a 4500 | ||
|---|---|---|---|
| 003 | OSt | ||
| 005 | 20151008160412.0 | ||
| 008 | 151008b xxu||||| |||| 00| 0 eng d | ||
| 040 | _cRUA | ||
| 082 | _aAVM YAN 2009 B085 Or.1 | ||
| 100 |
_92385 _aYANN, KOSAL. |
||
| 245 | _aeffect of replacing soybean and dry fish by a1111 on growth performance of broiler in animal experimental station of rua ( ប្រសិទ្ធភាពនៃការជំនួសសណ្តែកកសៀង និង ត្រីហាលដោយមេចំណី a1111 លើការលូតលាស់របស់មាន់សាច់នៅស្ថានីយ៍ចិញ្ចឹមសត្វ នៃ ស.វ.ភ.ក ) | ||
| 260 |
_aPhnom Penh _bRUA _c2009 |
||
| 300 |
_axi, 41p. _bill. _c29cm. |
||
| 942 |
_2ddc _cAVM |
||
| 999 |
_c2247 _d2247 |
||